000 01507nam a2200325 a 4500
001 ebr10063002
003 CaPaEBR
006 m u
007 cr cn|||||||||
008 950310s1995 dcua sb 001 0 eng
010 _z 95012064
020 _z0309052300
040 _aCaPaEBR
_cCaPaEBR
035 _a(OCoLC)42330952
050 1 4 _aHQ766.5.U5
_bB47 1995eb
082 0 4 _a304.6/66/0973
_220
245 0 4 _aThe best intentions
_h[electronic resource] :
_bunintended pregnancy and the well-being of children and families /
_cCommittee on Unintended Pregnancy, Division of Health Promotion and Disease Prevention, Institute of Medicine ; Sarah S. Brown and Leon Eisenberg, editors.
260 _aWashington, D.C. :
_bNational Academy Press,
_c1995.
300 _aix, 380 p. :
_bill.
504 _aIncludes bibliographical references and index.
533 _aElectronic reproduction.
_bPalo Alto, Calif. :
_cebrary,
_d2013.
_nAvailable via World Wide Web.
_nAccess may be limited to ebrary affiliated libraries.
650 0 _aPregnancy, Unwanted
_xGovernment policy
_zUnited States.
650 0 _aBirth control
_xGovernment policy
_zUnited States.
650 0 _aBirth control clinics
_xUtilization
_zUnited States.
655 7 _aElectronic books.
_2local
700 1 _aBrown, Sarah S.
700 1 _aEisenberg, Leon,
_d1922-2009.
710 2 _aebrary, Inc.
856 4 0 _uhttp://site.ebrary.com/lib/rucke/Doc?id=10063002
_zAn electronic book accessible through the World Wide Web; click to view
999 _c47602
_d47602